Welcome to CU Library Online Public Access Catalogue (OPAC)

BIBLE COMMENTARY (Record no. 7188)

MARC details
000 -LEADER
fixed length control field 00354nam a22001457a 4500
005 - DATE AND TIME OF LATEST TRANSACTION
control field 20250726115653.0
008 - FIXED-LENGTH DATA ELEMENTS--GENERAL INFORMATION
fixed length control field 250726b |||||||| |||| 00| 0 eng d
050 ## - LIBRARY OF CONGRESS CALL NUMBER
Classification number REF BS491
Item number ZER
100 ## - MAIN ENTRY--PERSONAL NAME
Personal name ZERR E. M.
245 ## - TITLE STATEMENT
Title BIBLE COMMENTARY
250 ## - EDITION STATEMENT
Edition statement VOL 5
260 ## - PUBLICATION, DISTRIBUTION, ETC.
Place of publication, distribution, etc. USA
Name of publisher, distributor, etc. GUARDIAN OF TRUTH FOUNDATION
Date of publication, distribution, etc. c1952
300 ## - PHYSICAL DESCRIPTION
Extent 356p
942 ## - ADDED ENTRY ELEMENTS (KOHA)
Source of classification or shelving scheme Library of Congress Classification
Koha item type Books
Suppress in OPAC No
999 ## -
-- 7188
-- 7188
Holdings
Withdrawn status Lost status Source of classification or shelving scheme Damaged status Not for loan Collection Home library Current library Shelving location Date acquired Total checkouts Full call number Barcode Date last seen Copy number Price effective from Koha item type
    Library of Congress Classification     Reference Undergraduate Library (Christ Temple) Undergraduate Library (Christ Temple) General stacks 07/26/2025   REF BS491 ZER ulct00004190 07/26/2025 1 07/26/2025 Books
© 2023-2024 Copyright: Central University Libraries. All Rights Reserved | Created by: Mahone Tech Office